Universidades líderes en el mundo : (Record no. 194957)

MARC details
000 -LEADER
campo de control de longitud fija 02499nam a2200457 i 4500
001 - NÚMERO DE CONTROL
campo de control 194957
003 - IDENTIFICADOR DE NÚMERO DE CONTROL
campo de control ES-MaACL
005 - FECHA Y HORA DE LA ÚLTIMA TRANSACCIÓN
campo de control 20250902225559.0
007 - CAMPO FIJO DE DESCRIPCIÓN FÍSICA--INFORMACIÓN GENERAL
campo de control de longitud fija cr||||||||||||
008 - DATOS DE LONGITUD FIJA--INFORMACIÓN GENERAL
campo de control de longitud fija 240321s2021 sp o 000 0 spa d
017 ## - NÚMERO DE COPYRIGHT O DE DEPÓSITO LEGAL
Número de copyright o de depósito legal BI 01803-2021
Agencia que asigna Oficina Depósito Legal Bilbao
020 ## - NÚMERO INTERNACIONAL ESTÁNDAR DEL LIBRO
Número Internacional Estándar del Libro 9788492937882
040 ## - FUENTE DE CATALOGACIÓN
Centro catalogador/agencia de origen ES-MaCSI
Lengua de catalogación spa
Centro/agencia transcriptor ES-MaACL
080 ## - NÚMERO DE LA CLASIFICACIÓN DECIMAL UNIVERSAL
Número de la Clasificación Decimal Universal 378.4:378.107
080 ## - NÚMERO DE LA CLASIFICACIÓN DECIMAL UNIVERSAL
Número de la Clasificación Decimal Universal 378.4:316.46
080 ## - NÚMERO DE LA CLASIFICACIÓN DECIMAL UNIVERSAL
Número de la Clasificación Decimal Universal 378.4:65.014
080 ## - NÚMERO DE LA CLASIFICACIÓN DECIMAL UNIVERSAL
Número de la Clasificación Decimal Universal 348.4:048.35
100 ## - ENTRADA PRINCIPAL--NOMBRE DE PERSONA
Nombre de persona Miravalles Pérez, Belén
9 (RLIN) 236572
Término indicativo de función/relación Autor
245 10 - MENCIÓN DEL TÍTULO
Título Universidades líderes en el mundo :
Resto del título El posicionamiento de España /
Mención de responsabilidad, etc. Belén Miravalles Pérez, Inés Rosell Quintanilla, Irene Zaera Cuadrado; dirigido por Francisco Pérez García, Joaquín Aldás Manzano, José María Peiró Silla.
260 ## - PUBLICACIÓN, DISTRIBUCIÓN, ETC.
Lugar de publicación, distribución, etc. Bilbao :
Nombre del editor, distribuidor, etc. Fundación BBVA,
Fecha de publicación, distribución, etc. 2021.
300 ## - DESCRIPCIÓN FÍSICA
Extensión 499 páginas ;
Dimensiones 24 cm
336 ## - TIPO DE CONTENIDO
Fuente rdacontent
Término de tipo de contenido texto
337 ## - TIPO DE MEDIO
Fuente rdamedia
Nombre/término del tipo de medio sin mediación
338 ## - TIPO DE SOPORTE
Fuente rdacarrier
Nombre/término del tipo de soporte volumen
520 ## - RESUMEN, ETC.
Sumario, etc. La presente monografía analiza el papel de las universidades líderes en el mundo y el posicionamiento de las instituciones españolas, en un escenario marcado por la aceleración del conocimiento, la globalización y la transformación digital. La obra profundiza en el significado del liderazgo universitario y el alcance de contar con universidades globales para afrontar los desafíos actuales. Situar universidades españolas en la élite global es un reto importante, pero el principal desafío es la adaptación del sistema universitario al nuevo escenario y su contribución a que la sociedad española participe de las oportunidades que acompañan al avance del conocimiento.
650 #4 - PUNTO DE ACCESO ADICIONAL DE MATERIA--TÉRMINO DE MATERIA
Término de materia o nombre geográfico como elemento de entrada Enseñanza superior
Fuente del encabezamiento o término CSICAU
9 (RLIN) 12317
650 #0 - PUNTO DE ACCESO ADICIONAL DE MATERIA--TÉRMINO DE MATERIA
Término de materia o nombre geográfico como elemento de entrada Planificación educativa
9 (RLIN) 236573
650 #0 - PUNTO DE ACCESO ADICIONAL DE MATERIA--TÉRMINO DE MATERIA
Término de materia o nombre geográfico como elemento de entrada Enseñanza-
Subdivisión general Innovaciones
Fuente del encabezamiento o término CSICAU
9 (RLIN) 236574
700 ## - ENTRADA AGREGADA--NOMBRE PERSONAL
Nombre de persona Rosell Quintana, Inés
9 (RLIN) 236575
Término indicativo de función/relación Autor
700 ## - ENTRADA AGREGADA--NOMBRE PERSONAL
Nombre de persona Zaera Cuadrado, Irene
9 (RLIN) 236576
Término indicativo de función/relación Autor
700 1# - ENTRADA AGREGADA--NOMBRE PERSONAL
Nombre de persona Pérez García, Francisco
9 (RLIN) 236525
700 ## - ENTRADA AGREGADA--NOMBRE PERSONAL
Nombre de persona Aldás Manzano, Joaquín
9 (RLIN) 236577
Término indicativo de función/relación Editor literario
700 ## - ENTRADA AGREGADA--NOMBRE PERSONAL
Nombre de persona Peiró Silla, José María
9 (RLIN) 236578
Término indicativo de función/relación Editor literario
710 2# - ENTRADA AGREGADA--NOMBRE DE ENTIDAD CORPORATIVA
Nombre de entidad corporativa o nombre de jurisdicción como elemento de entrada Fundación BBVA
9 (RLIN) 4230
852 ## - LOCALIZACIÓN
Ubicación ES-MaACL
Ubicación en estantería Depósito J
Número de control de estantería N-9925
Encuadernación Encuadernación rústica con solapas
Donativo/Legado Donación: Editorial
itemnumber 205847
942 ## - ELEMENTOS DE ENTRADA SECUNDARIOS (KOHA)
Tipo de ítem Koha Libro impreso
Suprimir en OPAC No
Holdings
Estatus retirado Estado de pérdida Fuente del sistema de clasificación o colocación Estado de daño No para préstamo Biblioteca de origen Biblioteca actual Ubicación en estantería Fecha de adquisición Fuente de adquisición Total de préstamos Signatura topográfica completa Código de barras Visto por última vez Precio de reemplazo Tipo de ítem Koha
    Clasificación decimal universal     Biblioteca del Ateneo de Madrid Biblioteca del Ateneo de Madrid Depósito J 26/05/2025 Donación   N-9925 101230184 26/05/2025 26/05/2025 Libro impreso